82 Babynamen der Woche 17/26' - Statistiken

Allgemein
  • Dieses Quiz wurde 11 mal gespielt
  • Das Durchschnittsergebnis liegt bei 12 aus 82
Antwortstatistiken
📍 Vorname % Korrekt
An.a ♀️ Anna
80%
Ad.m ♂️ Adem
60%
Al..a.d.r ♂️ Alexander
60%
A.t.n ♂️ Anton
60%
J.h.n.a ♀️ Johanna
50%
A.t.n..s ♂️ Antonius
40%
L.l.i ♀️ Lilli
40%
Ma.d.l..a ♀️ Magdalena
40%
Ma.v.n ♂️ Marvin
40%
St.f.n ♂️ Stefan
40%
Th..d..i ♀️ Theodoti
40%
El.s.b..h ♀️ Elisabeth
30%
Em.l.a ♀️ Emilia
30%
Je.a ♀️ Jena
30%
J.n.a ♀️ Jonna
30%
Ki.a ♀️ Kira
30%
No.h ♂️ Noah
30%
Pa.l ♂️ Paul
30%
Sm.l.a ♀️ Smilla
30%
El.n ♀️ Elin
20%
Ja.k ♂️ Jack
20%
Jö.d.s ♀️ Jördis
20%
Ju.a ♀️ Juna
20%
Ke.o ♂️ Keno
20%
K.l..n ♂️ Kilian
20%
Ro.y ♀️ Romy
20%
S.n ♂️ San
20%
Vi.t.r.a ♀️ Viktoria
20%
A.y..a ♀️ Aayana
10%
A.d..a.a ♀️ Andriana
10%
A.r.w ♂️ Arrow
10%
A.r.l.a ♀️ Aurelia
10%
Be.t ♂️ Bent
10%
C.l.a ♀️ Calia
10%
D.f.e ♀️ Defne
10%
D.v.n ♂️ Devin
10%
E.i.h ♂️ Erich
10%
Es.i ♀️ Esti
10%
Hi..e.k ♂️ Hinnerk
10%
In.o ♂️ Ingo
10%
I.m..l ♂️ Ismael
10%
J.n.s ♂️ Janus
10%
Jo.r ♂️ Joar
10%
L.e.e ♀️ Leene
10%
Le.a ♀️ Lela
10%
Ma.l ♂️ Mael
10%
M.r.e.e ♀️ Marieke
10%
M.l.s ♂️ Miles
10%
Na.l ♂️ Nael
10%
R.n.a ♀️ Ronja
10%
Ve.a ♀️ Veda
10%
Wi.d ♂️ Wild
10%
A.i.a ♀️ Amira
0%
A.o..t.d ♂️ Anointed
0%
A.t..a ♀️ Astara
0%
A.t..e.s ♂️ Astraeus
0%
C.r.y ♀️ Carly
0%
D.f..a ♀️ Dafina
0%
Ed.n..a ♀️ Edonita
0%
E.a.a ♀️ Elada
0%
El..w.n ♀️ Ellowyn
0%
E.o.i ♀️ Emori
0%
E.j.n ♂️ Erjan
0%
Ew.s.l.n ♀️ Ewasolin
0%
F.e.a ♀️ Freya
0%
G.a.e ♀️ Grace
0%
H.l.i ♀️ Holli
0%
Im.l..a ♀️ Imaliya
0%
M.l.k ♂️ Malek
0%
M.r.a.i ♀️ Mariami
0%
M.n.o ♂️ Meneo
0%
M.r.y ♀️ Miray
0%
N.t..l ♂️ Nathel
0%
N.e.i ♀️ Noemi
0%
N.r.d.n ♂️ Nuredin
0%
Öy.ü ♀️ Öykü
0%
S.l.a ♀️ Solia
0%
T.l.i ♀️ Talvi
0%
Th..d.r ♂️ Theodor
0%
T.n.s ♂️ Tinus
0%
V.m..a ♀️ Vamika
0%
Vi.c.n.a ♀️ Vincenza
0%
Keine übereinstimmenden Quizze gefunden
Verteilung der Resultate
Anzahl Personen mit jedem Resultat
Perzentil nach korrekt beantworteten Fragen
Ihre Resultats-Entwicklung
Sie haben dieses Quiz noch nicht gespielt